[Event "25th Belgrade Trophy"]
[Site "Obrenovac SRB"]
[Date "2011.12.01"]
[Round "8.17"]
[White "Sarenac,D"]
[Black "Abramovic,B"]
[Result "1-0"]
[WhiteElo "2292"]
[BlackElo "2450"]

1.e4 c5 2.Nf3 e6 3.d4 cxd4 4.Nxd4 Nc6 5.Nc3 a6 6.Nxc6 bxc6 7.e5 Qc7 8.Qe2 Ne7
9.Bd2 a5 10.f4 Ba6 11.Qf3 Bxf1 12.Rxf1 Rb8 13.Ne4 Nd5 14.a3 a4 15.c4 Rb3
16.Qe2 Nb6 17.Bc3 Nc8 18.f5 Be7 19.O-O-O exf5 20.Nd6+ Kf8 21.c5 Rxc3+ 22.bxc3 g6
23.Qc4 Nxd6 24.exd6 Bg5+ 25.Kc2 Qd8 26.g4 Bf6 27.gxf5 g5 28.Qxa4 h5 29.h3 g4
30.hxg4 hxg4 31.Rh1 Rg8 32.Rh7 g3 33.Qb3 Rg7 34.Rh8+ Rg8 35.Rxg8+ Kxg8 36.Qb4 Bg7
37.Qg4 Qf6 38.Rd3 Kf8 39.Rxg3  1-0

[Event "CCSCSL Invitational"]
[Site "Saint Louis USA"]
[Date "2011.12.01"]
[Round "5.3"]
[White "Rensch,D"]
[Black "Krush,I"]
[Result "0-1"]
[WhiteElo "2416"]
[BlackElo "2476"]

1.e4 c5 2.Nf3 e6 3.d4 cxd4 4.Nxd4 Nc6 5.Nc3 Qc7 6.Be3 a6 7.Qd2 Nf6 8.O-O-O Nxd4
9.Bxd4 e5 10.Be3 Bb4 11.f3 d6 12.a3 Bxc3 13.Qxc3 Qxc3 14.bxc3 Ke7 15.Bc4 Be6
16.Bb3 Rhc8 17.Kb2 Nd7 18.Rd3 Nc5 19.Rd2 a5 20.Rhd1 Ra6 21.Bxc5 Rxc5 22.a4 b5
23.Ra1 bxa4 24.Rxa4 Rb6 25.Ra3 Rcb5 26.Ka2 h5 27.g3 a4 28.Rxa4 Rxb3 29.cxb3 Bxb3+
30.Ka3 Bxa4 31.Kxa4 Rb1 32.Rf2 g5 33.Ka3 Ke6 34.Ka2 Re1 35.Kb3 g4 36.Kc2 gxf3
37.Kd3 Rd1+ 38.Ke3 Rc1 39.Kd2 Ra1 40.h4 Ra2+ 41.Ke3 Rxf2 42.Kxf2 f5 43.Kxf3 fxe4+
44.Kxe4 d5+ 45.Kd3 Kf5 46.c4 e4+ 47.Kd4 dxc4 48.Kxc4 Kg4 49.Kd4 Kf3 50.g4 hxg4  0-1

[Event "CCSCSL Invitational"]
[Site "Saint Louis USA"]
[Date "2011.12.01"]
[Round "5.2"]
[White "Abrahamyan,T"]
[Black "Diamant,A"]
[Result "0-1"]
[WhiteElo "2264"]
[BlackElo "2489"]

1.e4 c5 2.Nf3 e6 3.d4 cxd4 4.Nxd4 Nc6 5.Nc3 a6 6.Be3 Nf6 7.f3 Qc7 8.Qd2 Be7
9.O-O-O O-O 10.g4 Rd8 11.g5 Ne8 12.h4 b5 13.Kb1 Bb7 14.h5 b4 15.Na4 d5 16.e5 Nxe5
17.g6 Nc4 18.Qe1 Nxe3 19.Qxe3 e5 20.Nf5 Bf6 21.Bh3 Nd6 22.Rdg1 Nxf5 23.gxf7+ Kxf7
24.Bxf5 h6 25.Rg6 d4 26.Qd3 Bd5 27.b3 Qc6 28.Be4 Rac8 29.Bxd5+ Rxd5 30.Rhg1 Qe6
31.Rxh6 gxh6 32.Qh7+ Kf8 33.Nb6 Rcd8 34.Nxd5 Rxd5 35.Qxh6+ Ke7 36.Qh7+ Qf7
37.Qe4 Rd7 38.Rg6 Qd5 39.Qf5 Qe6 40.Qe4 d3 41.cxd3 Qd5 42.Qxd5 Rxd5 43.Kc2 Rd4
44.Rg8 Rh4 45.Ra8 Rxh5 46.Rxa6 Rf5 47.Kd2 Rxf3 48.Ke2 Rf4 49.a3 bxa3 50.Rxa3 Ke6
51.Ra6+ Kf5 52.Rb6 Be7 53.Rb7 Ke6 54.Rb6+ Bd6 55.Ke3 Kd5  0-1

[Event "45th ch-RSA 2011"]
[Site "Cape Town RSA"]
[Date "2011.12.02"]
[Round "8"]
[White "Kobese,W"]
[Black "Steel,H"]
[Result "0-1"]
[WhiteElo "2355"]
[BlackElo "2388"]

1.e4 c5 2.Nf3 e6 3.d4 cxd4 4.Nxd4 Nc6 5.Nc3 a6 6.Be2 Qc7 7.O-O Nf6 8.a4 Be7
9.Be3 O-O 10.f4 d6 11.Kh1 Re8 12.Qe1 Nxd4 13.Bxd4 e5 14.fxe5 dxe5 15.Qg3 Bd8
16.Be3 Kh8 17.Bg5 Be6 18.Qh4 Ng8 19.Bd3 Rc8 20.Bxd8 Qxd8 21.Qg3 Qb6 22.Ne2 f6
23.b3 Ne7 24.Qh4 Rf8 25.Rab1 Nc6 26.Bc4 Bxc4 27.bxc4 Qe3 28.Ng3 Rc7 29.Nf5 Qc5
30.Rf3 Nd4 31.Rh3 g5 32.Qh6 Nxf5 33.exf5 e4 34.Re3 Rcf7 35.Rxe4 Qxf5 36.Rbe1 Qg6
37.Qh3 f5 38.Re6 Qg7 39.Qd3 f4 40.Re8 g4 41.Qd8 g3 42.h3 Qf6 43.Qd5 Rxe8
44.Rxe8+ Kg7 45.Qd1 h5 46.Re1 Re7 47.Rf1 Qe5 48.Qf3 Rd7 49.c5 Rf7 50.c6 bxc6
51.Qxc6 f3 52.gxf3 Qe2 53.Qc3+ Kg8  0-1

[Event "CCSCSL Invitational"]
[Site "Saint Louis USA"]
[Date "2011.12.02"]
[Round "7.4"]
[White "Shahade,G"]
[Black "Krush,I"]
[Result "1-0"]
[WhiteElo "2459"]
[BlackElo "2476"]

1.e4 c5 2.Nf3 e6 3.d4 cxd4 4.Nxd4 Nc6 5.Nc3 Qc7 6.f4 a6 7.Nxc6 Qxc6 8.Bd3 b5
9.Qe2 Bb7 10.Bd2 Qc7 11.e5 Nh6 12.O-O-O Nf5 13.Kb1 Rc8 14.Rhf1 h5 15.Ne4 Bd5
16.Rc1 Be7 17.Ng3 Nxg3 18.hxg3 Qb7 19.Rh1 g6 20.Rh2 Rg8 21.g4 hxg4 22.Rch1 d6
23.exd6 Bxd6 24.Qxg4 Be4 25.Re1 Bxd3 26.Rxe6+ fxe6 27.Qxe6+ Be7 28.cxd3 Rf8
29.Rh7 Rf6 30.Qxf6  1-0

[Event "TCh-CZE Extraliga 2011-12"]
[Site "Czech Republic CZE"]
[Date "2011.12.03"]
[Round "3.7"]
[White "Vesselovsky,S"]
[Black "Mojzis,Jar"]
[Result "1-0"]
[WhiteElo "2362"]
[BlackElo "2219"]

1.e4 c5 2.Nc3 e6 3.Nge2 Nc6 4.d4 cxd4 5.Nxd4 Qc7 6.Be2 a6 7.O-O Nf6 8.Be3 Be7
9.f4 d6 10.Qe1 Nxd4 11.Bxd4 e5 12.fxe5 dxe5 13.Qg3 Bc5 14.Bxc5 Qxc5+ 15.Kh1 Kf8
16.Nd5 Nxd5 17.Qxe5 Qe7 18.Qxd5 Be6 19.Qh5 Rc8 20.Bd3 h6 21.e5 Qg5 22.Qf3 Rc7
23.Rae1 h5 24.Be4 Qe7 25.Bd5 Rh6 26.c4 Kg8 27.Rd1 h4 28.h3 Rg6 29.Qe4 Rh6
30.Rf3 Rg6 31.Rfd3 Qg5 32.Bxe6 fxe6 33.Rd8+ Kh7 34.R8d4 Rc5 35.Qxh4+ Qxh4
36.Rxh4+ Rh6 37.Rxh6+ Kxh6 38.Rd6 Rxe5 39.Rb6 Re4 40.b3 Kg5 41.Rxb7 Re2 42.a4 e5
43.b4 e4 44.b5 axb5 45.cxb5 e3 46.Re7 Kf4 47.b6 g5 48.Kh2 Rb2 49.a5 e2 50.b7 Rxb7
51.Rxb7  1-0

[Event "TCh-CZE Extraliga 2011-12"]
[Site "Czech Republic CZE"]
[Date "2011.12.03"]
[Round "3.3"]
[White "Jurcik,Mari"]
[Black "Krejci,Jan2"]
[Result "0-1"]
[WhiteElo "2474"]
[BlackElo "2489"]

1.e4 c5 2.Nf3 e6 3.d4 cxd4 4.Nxd4 Nc6 5.Nc3 Qc7 6.Be2 a6 7.O-O Nf6 8.Kh1 Nxd4
9.Qxd4 Bc5 10.Qd3 b5 11.f4 d6 12.Qg3 O-O 13.Bd3 Bb7 14.Qh4 Rfd8 15.a3 Bd4
16.Ne2 Qc5 17.Ng3 d5 18.e5 Ne4 19.f5 Bxe5 20.fxe6 fxe6 21.Nxe4 dxe4 22.Bxe4 Bxe4
23.Qxe4 Qc4 24.Qxc4 bxc4 25.Rb1 Rab8 26.b3 cxb3 27.cxb3 Rd3 28.b4 a5 29.h3 Rb5
30.Bf4 Bxf4 31.Rxf4 Rxa3 32.Rbf1 h6 33.bxa5 Raxa5 34.Rf8+ Kh7 35.Re8 Re5
36.Re7 Ra2 37.Rff7 Rg5 38.g4 Re2 39.Rd7 h5 40.gxh5 Kh6 41.Rfe7 e5 42.Rb7 Rg3
43.Re6+ Kxh5 44.Rbe7 Rg5 45.Rb6 Kh4 46.Rb3 Reg2 47.Rb4+ Kxh3 48.Rb3+ R2g3
49.Rxg3+ Kxg3 50.Kg1 Kf3+ 51.Kf1 e4 52.Rf7+ Ke3 53.Ra7 Rf5+ 54.Ke1 g5 55.Ra3+ Kf4
56.Kf2 g4 57.Ra8 Rf7 58.Rb8 e3+ 59.Ke2 Re7 60.Rg8 Kg3 61.Kf1 e2+ 62.Ke1 Re4
63.Rh8 Kg2 64.Rh7 g3 65.Rh8 Rf4 66.Kxe2 Re4+ 67.Kd3 Re7 68.Rg8 Kf2 69.Rf8+ Kg1
70.Rg8 g2 71.Rh8 Re5 72.Rh7 Kf2  0-1

[Event "London Classic FIDE Open"]
[Site "London ENG"]
[Date "2011.12.03"]
[Round "1"]
[White "Eckersley Waites,T"]
[Black "Johnsen,Oystein"]
[Result "1-0"]
[WhiteElo "2276"]
[BlackElo "1949"]

1.e4 c5 2.Nf3 e6 3.d4 cxd4 4.Nxd4 Nc6 5.Nc3 Qc7 6.Be3 a6 7.Bd3 Nf6 8.O-O Be7
9.f4 Nxd4 10.Bxd4 Bc5 11.Bxc5 Qxc5+ 12.Kh1 d6 13.Qe1 Bd7 14.Qg3 O-O-O 15.e5 Ne8
16.Ne4 Qc7 17.exd6 Nxd6 18.Nxd6+ Qxd6 19.Qxg7 Bc6 20.Qe5 Rhg8 21.Rf2 Qe7
22.Kg1 Rd5 23.Qc3 Kb8 24.Bxh7 Rgd8 25.Be4 Rd1+ 26.Rxd1 Rxd1+ 27.Rf1 Rxf1+
28.Kxf1 Bb5+ 29.Bd3 Bc6 30.Qh8+ Ka7 31.Qd4+ b6 32.g3 Qb7 33.h4 Bg2+ 34.Ke1 Qf3
35.Qf2 Qd5 36.a4 Bh3 37.b4 Qh1+ 38.Kd2 Bg4 39.Qe1 Qg2+ 40.Kc3 Qc6+ 41.Kb3 Qd5+
42.Kb2 Bf3 43.Qe5 Qc6 44.a5 Bd5 45.Qd4  1-0

[Event "London Classic FIDE Open"]
[Site "London ENG"]
[Date "2011.12.03"]
[Round "1"]
[White "Keuneke,H"]
[Black "Quinn,Joh"]
[Result "0-1"]
[WhiteElo "1782"]
[BlackElo "2151"]

1.e4 c5 2.Nf3 e6 3.d4 cxd4 4.Nxd4 Nc6 5.Nc3 Qc7 6.Be3 a6 7.Bd3 Nf6 8.O-O Ne5
9.h3 b5 10.f4 Nc4 11.Bxc4 Qxc4 12.e5 Nd5 13.Nxd5 Qxd5 14.Qf3 Bb7 15.Qxd5 Bxd5
16.Rad1 g6 17.g4 Be7 18.Rf2 f6 19.exf6 Bxf6 20.Nf3 Bxb2 21.c4 Bxf3 22.Rxb2 Bxd1  0-1

[Event "ITT Pre Jahv Mcgregor"]
[Site "Silvania COL"]
[Date "2011.12.03"]
[Round "7"]
[White "Becerra,J"]
[Black "Zuluaga,C"]
[Result "0-1"]
[WhiteElo "2280"]
[BlackElo "2365"]

1.e4 c5 2.Nf3 Nc6 3.d4 cxd4 4.Nxd4 e6 5.Nc3 Qc7 6.Be3 a6 7.f4 d6 8.Qf3 Nf6
9.h3 Bd7 10.g4 Nxd4 11.Bxd4 Bc6 12.g5 Nd7 13.O-O-O b5 14.Bg2 b4 15.Nd5 exd5
16.exd5 Bb5 17.Rhe1+ Kd8 18.h4 Rc8 19.Rd2 Nc5 20.Kb1 Qa5 21.b3 Bd7 22.Qh5 g6
23.Qe2 Rg8 24.Bh3 Qb5 25.Bxd7 Qxe2 26.Bf6+ Kxd7 27.Rdxe2 Rb8 28.a3 a5 29.Ka2 Na6
30.c4 bxc3 31.Bxc3 Rb5 32.Re8 Nc7  0-1

[Event "34th ch-GRE w"]
[Site "Athens GRE"]
[Date "2011.12.04"]
[Round "9"]
[White "Makropoulou,M"]
[Black "Markantonaki,H"]
[Result "1-0"]
[WhiteElo "2201"]
[BlackElo "2128"]

1.e4 c5 2.Nf3 e6 3.d4 cxd4 4.Nxd4 Nc6 5.Nc3 Qc7 6.f4 a6 7.Be3 b5 8.Bd3 Bb7
9.Nb3 d6 10.a4 b4 11.Nb1 a5 12.N1d2 Nf6 13.O-O Be7 14.Qf3 O-O 15.Qh3 e5 16.Nc4 exf4
17.Rxf4 Ne5 18.Nb6 Rae8 19.Nxa5 Ng6 20.Rxf6 Bxf6 21.Nxb7 Qxb7 22.a5 Bxb2
23.Rb1 Be5 24.a6 Qc6 25.Qd7 Qc3 26.Nd5 Qa3 27.a7 Ra8 28.Qb7 Nf4 29.Nxf4 Bxf4
30.Bxf4 Rxa7 31.Qxb4 Qxb4 32.Rxb4 Ra1+ 33.Kf2 f5 34.exf5 d5 35.Rb7 Rf7 36.Rb8+ Rf8
37.Rb5 Rd8 38.Rb7 Re8 39.Rd7 Ra5 40.Bd2 Rc5 41.Be3  1-0

[Event "TCh-BEL 2011-12"]
[Site "Belgium BEL"]
[Date "2011.12.04"]
[Round "5.7"]
[White "Ahn,M"]
[Black "Goormachtigh,J"]
[Result "1-0"]
[WhiteElo "2290"]
[BlackElo "2212"]

1.e4 c5 2.Nf3 e6 3.d4 cxd4 4.Nxd4 Nc6 5.Nc3 Qc7 6.Be3 a6 7.Be2 Nf6 8.a3 Be7
9.f4 d6 10.g4 Nd7 11.g5 b5 12.O-O Nb6 13.Nxc6 Qxc6 14.Qd4 Nc4 15.Bxc4 Qxc4
16.Qxg7 Rf8 17.Rad1 Bb7 18.Rd4 Qc7 19.f5 exf5 20.exf5 f6 21.gxf6 Rxf6 22.Bg5 Rf7
23.Qg8+ Rf8 24.Qe6 Qd7 25.Re1 Qxe6 26.Rxe6 Rf7 27.Rg4 h5 28.Rg3 Bc6 29.Rge3 Ra7
30.f6  1-0

[Event "London Classic FIDE Open"]
[Site "London ENG"]
[Date "2011.12.04"]
[Round "2"]
[White "Sreeves,C"]
[Black "Vachtfeidl,P"]
[Result "1/2-1/2"]
[WhiteElo "2247"]
[BlackElo "1969"]

1.e4 c5 2.Nc3 Nc6 3.Nge2 e6 4.d4 cxd4 5.Nxd4 a6 6.Be3 Nf6 7.Qd2 Bb4 8.f3 d5
9.a3 Ba5 10.b4 Bc7 11.exd5 exd5 12.Nxc6 bxc6 13.Bc5 Be6 14.Qg5 Nd7 15.Qxd8+ Kxd8
16.Bd4 Be5 17.Bxe5 Nxe5 18.Kf2 a5 19.Be2 axb4 20.axb4 Kc7 21.Na4 Rhb8 22.Nc5 Kd6
23.c3 Nd7 24.Na6 Rb6 25.Ra5 Nb8 26.Rha1 Nxa6 27.Rxa6 Rbxa6 28.Rxa6 Rxa6 29.Bxa6 c5
30.bxc5+ Kxc5 31.Ke3 f6 32.Bd3 h6 33.Bf1 Bf7 34.Be2 Be6 35.Ba6 Bd7 36.Bd3 Be6
37.h4 Bd7 38.g3 Be6 39.Be2  1/2-1/2

[Event "London Classic FIDE Open"]
[Site "London ENG"]
[Date "2011.12.06"]
[Round "4"]
[White "McKenna,Jas"]
[Black "Perez,Fl"]
[Result "1/2-1/2"]
[WhiteElo "2110"]
[BlackElo "2245"]

1.e4 c5 2.Nf3 e6 3.d4 cxd4 4.Nxd4 Nc6 5.Nc3 Qc7 6.g3 a6 7.Bg2 d6 8.O-O Bd7
9.Be3 Be7 10.Qe2 b5 11.Nxc6 Bxc6 12.a3 Nf6 13.f4 O-O 14.g4 Qb7 15.Bd4 Nd7
16.f5 b4 17.axb4 Qxb4 18.Rfd1 e5 19.Nd5 Bxd5 20.exd5 exd4 21.Qxe7 Ne5 22.h3 Qb6
23.Qg5 d3+ 24.Kh1 dxc2 25.Rdc1 h6 26.Qd2 Qxb2 27.f6 Rfc8 28.fxg7 Kxg7 29.g5 h5
30.Be4 Qc3 31.Qxc3 Rxc3 32.Kg2 Rac8 33.Rxa6 Nd3 34.Bxd3 Rxd3 35.Ra2 Rd2+
36.Kf3 Rc3+ 37.Ke4 Rxh3 38.Raxc2 Rh4+ 39.Kf3 Rd3+ 40.Ke2 Rxd5 41.Rc6 Rg4
42.Ra6 Rgxg5 43.Rcc6 Rg6 44.Ra4 Rf5 45.Rd4 Re6+ 46.Kd2 d5 47.Rc5 Rd6 48.Rc8 Re5
49.Kd3 Ra6 50.Rc5 Ra3+ 51.Kd2 Rg5 52.Ke2 Rg2+ 53.Kf1 Raa2 54.Rdxd5 Raf2+
55.Ke1 Re2+ 56.Kf1 Ref2+ 57.Ke1 h4 58.Rg5+ Kf6 59.Rxg2 Rxg2 60.Rh5 Rg4 61.Kf2 Kg6
62.Rh8 Kg5 63.Rg8+ Kf4 64.Rh8 f6 65.Rh5 Ke4 66.Rh8 Kf4 67.Rh5 Ke4 68.Rh8 Kf5
69.Rh5+ Kg6 70.Rh8 f5 71.Rf8 Kg5 72.Rg8+ Kf6 73.Rf8+ Kg6 74.Rh8 Ra4 75.Kf3 Ra3+
76.Kf4 Ra4+ 77.Kf3 Rb4 78.Rg8+ Kf7 79.Rh8 Rc4 80.Rh5 Ke6 81.Rh8 Rc3+ 82.Kf4 Rc4+
83.Kf3 Ra4 84.Re8+ Kf7 85.Rh8 Re4 86.Rh5 Ke6 87.Rh8 Ke5 88.Re8+ Kd4 89.Rd8+ Ke5
90.Re8+ Kd5 91.Rd8+ Ke6 92.Re8+ Kd5 93.Rd8+ Kc4 94.Rh8 Kd3 95.Rh5 h3 96.Rxf5 Rh4
97.Rd5+ Kc2 98.Rc5+ Kd2 99.Rd5+ Kc2 100.Rc5+ Kd1 101.Rd5+ Ke1 102.Re5+ Kd2
103.Rd5+ Kc2 104.Rc5+ Kb2 105.Rb5+ Kc3 106.Rb1 Rd4 107.Rh1 Rd3+ 108.Kg4 Kd2
109.Rh2+ Ke1 110.Rxh3  1/2-1/2

[Event "London Classic FIDE Open"]
[Site "London ENG"]
[Date "2011.12.06"]
[Round "4"]
[White "Hjort,Helge"]
[Black "Zymberi,As"]
[Result "0-1"]
[WhiteElo "1969"]
[BlackElo "2138"]

1.e4 c5 2.Nf3 e6 3.d4 cxd4 4.Nxd4 Nc6 5.Nc3 Qc7 6.Be3 a6 7.Qd2 Nf6 8.O-O-O b5
9.f3 Ne5 10.Bf4 b4 11.Na4 Rb8 12.Kb1 Bb7 13.c4 d6 14.b3 Be7 15.Be2 O-O 16.Be3 Rfd8
17.Rc1 Ned7 18.Qe1 Nc5 19.Nxc5 dxc5 20.Nc2 a5 21.Rd1 a4 22.Rxd8+ Rxd8 23.Qc1 axb3
24.axb3 Bxe4 25.fxe4 Nxe4 26.Qe1 Qa5 27.Bf3 Nc3+ 28.Kc1 Qa2  0-1

[Event "8th Vasylyshyn Mem GM"]
[Site "Lviv UKR"]
[Date "2011.12.07"]
[Round "9"]
[White "Baghdasaryan,V"]
[Black "Goganov,A"]
[Result "0-1"]
[WhiteElo "2362"]
[BlackElo "2484"]

1.e4 c5 2.Nf3 Nc6 3.Nc3 e6 4.d4 cxd4 5.Nxd4 Qc7 6.Ncb5 Qb8 7.Bd3 Ne5 8.f4 Nxd3+
9.Qxd3 a6 10.Nc3 b5 11.O-O Bb7 12.f5 Nf6 13.e5 Qxe5 14.Bf4 Qc5 15.Rae1 Be7
16.a4 b4 17.Re5 Qa7 18.Ne2 O-O 19.fxe6 fxe6 20.Rg5 Be4 21.Qg3 Bg6 22.Rxg6 hxg6
23.Qxg6 Nd5 24.Bh6 Rxf1+ 25.Kxf1 Rf8+ 26.Ke1 Bf6 27.Nf3 Bxb2 28.c3 Rf7 29.Bxg7 Ne7
30.Bd4+ Nxg6 31.Bxa7 Bxc3+ 32.Nxc3 bxc3 33.Bd4 Nf4 34.Bxc3 Nxg2+ 35.Ke2 Nf4+
36.Kd2 Nd5 37.Ne5 Rf2+  0-1

[Event "2nd JAHV McGregor Open"]
[Site "Bogota COL"]
[Date "2011.12.08"]
[Round "5"]
[White "Rios,Al"]
[Black "Macieja,B"]
[Result "1/2-1/2"]
[WhiteElo "2355"]
[BlackElo "2616"]

1.e4 c5 2.Nf3 Nc6 3.d4 cxd4 4.Nxd4 e6 5.Nc3 Qc7 6.Be3 a6 7.Bd3 b5 8.Nxc6 Qxc6
9.O-O Bb7 10.Qe2 Nf6 11.a3 h5 12.f3 Bd6 13.Rad1 Qc7 14.g3 Be5 15.Qf2 Bxc3
16.bxc3 Qxc3 17.Bc5 d5 18.exd5 Nxd5 19.Be4 f5 20.Bxd5 Bxd5 21.Rxd5 exd5 22.Re1+ Kd8
23.Bb4 Qc6 24.Qd4 Re8 25.Ba5+ Kc8 26.Rxe8+ Qxe8 27.Qc5+ Kd7 28.Qxd5+ Ke7
29.Qxf5 Kd6 30.Bb4+ Kc7 31.Qc5+ Kb7  1/2-1/2

[Event "2nd JAHV McGregor Open"]
[Site "Bogota COL"]
[Date "2011.12.08"]
[Round "6"]
[White "Corredor,F"]
[Black "Ruiz,Al"]
[Result "0-1"]
[WhiteElo "1993"]
[BlackElo "2213"]

1.e4 c5 2.Nf3 Nc6 3.d4 cxd4 4.Nxd4 e6 5.Nc3 a6 6.g3 Qc7 7.Bg2 Nf6 8.O-O Nxd4
9.Qxd4 Bc5 10.Qd1 h6 11.a4 d6 12.Kh1 e5 13.f4 O-O 14.Nd5 Nxd5 15.exd5 f5
16.Qe2 Bd7 17.c3 Rae8 18.fxe5 Rxe5 19.Qd3 Rfe8 20.Bf4 R5e7 21.h4 Be3 22.Rae1 Bxf4
23.Rxe7 Rxe7 24.Rxf4 Qb6 25.Qd2 a5 26.Bh3 Re5 27.Rd4 Qb3 28.g4 fxg4 29.Bxg4 Bxg4
30.Rxg4 Rxd5 31.Qe2 Qd1+ 32.Qxd1 Rxd1+ 33.Kh2 Rd2+ 34.Rg2 Rxg2+ 35.Kxg2 Kf7
36.Kf3 Kf6 37.Kf4 g6 38.c4 g5+ 39.hxg5+ hxg5+ 40.Ke4 Ke6 41.Kd4 b6 42.b3 Kf6
43.Ke4 Ke6 44.Kd4 Kf5 45.Kd5 g4 46.Kxd6 g3 47.b4 axb4  0-1

[Event "2nd JAHV McGregor Open"]
[Site "Bogota COL"]
[Date "2011.12.08"]
[Round "6"]
[White "Ruiz Aguilar,P"]
[Black "Alvarez,Dager"]
[Result "1-0"]
[WhiteElo "2294"]
[BlackElo "2147"]

1.e4 c5 2.Nf3 e6 3.d4 cxd4 4.Nxd4 Nc6 5.Nc3 Qc7 6.Ndb5 Qb8 7.Be3 d6 8.Qd2 a6
9.Bb6 axb5 10.Nxb5 Ra4 11.Bc7 Rxe4+ 12.Be2 Qa8 13.Bxd6 Rxe2+ 14.Kxe2 Qa4
15.Nc7+ Kd8 16.Rhd1 Nd4+ 17.Qxd4 Qxd4 18.Rxd4 Bxd6 19.Nb5 Ke7 20.Nxd6 Nf6
21.Nxc8+ Rxc8 22.c3 Nd5 23.Rad1 Rc5 24.c4 Nc7 25.b4 Rc6  1-0

[Event "London Classic FIDE Open"]
[Site "London ENG"]
[Date "2011.12.08"]
[Round "6"]
[White "Bishop,G"]
[Black "Vachtfeidl,P"]
[Result "1-0"]
[WhiteElo "1791"]
[BlackElo "1969"]

1.e4 c5 2.d4 cxd4 3.Nf3 e6 4.Nxd4 Nc6 5.Nc3 a6 6.Bc4 Nf6 7.f3 d5 8.exd5 exd5
9.Bb3 Bc5 10.Qe2+ Qe7 11.Qxe7+ Kxe7 12.Nde2 Be6 13.Bg5 Rad8 14.O-O-O d4 15.Ne4 Ba7
16.Bxe6 fxe6 17.Rhe1 h6 18.Bh4 g5 19.Nxf6 Kxf6 20.Bf2 h5 21.Ng3 h4 22.Ne4+ Kf5
23.g3 Ne5 24.Nxg5  1-0

[Event "London Classic FIDE Open"]
[Site "London ENG"]
[Date "2011.12.08"]
[Round "6"]
[White "Lappas,Konstantinos"]
[Black "Zymberi,As"]
[Result "0-1"]
[WhiteElo "1992"]
[BlackElo "2138"]

1.e4 c5 2.Nf3 e6 3.d4 cxd4 4.Nxd4 Nc6 5.Nc3 Qc7 6.Be2 a6 7.Be3 Nf6 8.O-O Bb4
9.Na4 Be7 10.Nxc6 bxc6 11.Nb6 Rb8 12.Nxc8 Qxc8 13.b3 Nxe4 14.Qd3 d5 15.Qxa6 Qc7
16.c4 O-O 17.cxd5 cxd5 18.Qd3 Qa5 19.a3 Rfc8 20.b4 Qa4 21.Rfc1 Bf6 22.Rxc8+ Rxc8
23.Rc1 Nc3 24.Qa6 Ra8 25.Qxa4 Rxa4 26.Bf1 d4 27.Bf4 e5 28.Bd2 Rxa3 29.Bxc3 dxc3
30.Bd3 Bd8 31.g4 Bb6 32.Kg2 Bd4 33.h4 g6 34.b5 Kf8 35.Rc2 Ke7 36.h5 gxh5
37.gxh5 h6 38.Kg3 Ra1 39.f4 Re1 40.Kg4 e4 41.Bc4 Kf6 42.b6 Rg1+ 43.Kh3 Kf5
44.Bxf7 Kxf4 45.Ba2 Rg3+ 46.Kh2 Bg1+ 47.Kh1 Bxb6 48.Bd5 Rd3 49.Bc4 Rg3 50.Bd5 Bd4
51.Re2 Be3 52.Rh2 Rg1+  0-1

[Event "XXXII Crespi Memorial"]
[Site "Milano ITA"]
[Date "2011.12.08"]
[Round "6"]
[White "Solodovnichenko,Y"]
[Black "Martinez,Rol"]
[Result "1/2-1/2"]
[WhiteElo "2629"]
[BlackElo "2420"]

1.e4 c5 2.Nf3 e6 3.d4 cxd4 4.Nxd4 Nc6 5.Nc3 Qc7 6.Be3 a6 7.Qd2 Nf6 8.O-O-O Bb4
9.f3 Ne5 10.Nb3 b5 11.Qe1 Rb8 12.Qg3 O-O 13.Bd4 Bd6 14.f4 Nh5 15.fxe5 Nxg3
16.exd6 Qxd6 17.hxg3 Qxg3 18.Rh3 Qg5+ 19.Be3 Qd8 20.e5 f5 21.exf6 Qxf6 22.Bd3 h6
23.Rf3 Qd8 24.Rxf8+ Qxf8 25.Bc5 Qd8 26.Kb1 Bb7 27.g3 Qg5 28.Bd6 Rf8 29.Nc5 Bc6
30.Nxa6 Rf3 31.Nb4 Rxg3 32.Nxc6 dxc6 33.Ne2 Rf3 34.b3 Qf6 35.Nd4 Rxd3 36.Rxd3 e5
37.Nxc6 e4 38.Rd1 e3 39.Ne7+ Kf7 40.Bb4 e2 41.Re1 Qe6 42.Kc1 Qe3+ 43.Kb1 Qe6
44.Kc1 Qe3+ 45.Kb1 Qe6  1/2-1/2

[Event "Chin Van Xanddorj GM"]
[Site "Ulaanbaatar MGL"]
[Date "2011.12.08"]
[Round "6"]
[White "Badmatsyrenov,O"]
[Black "Munguntuul,B"]
[Result "0-1"]
[WhiteElo "2464"]
[BlackElo "2459"]

1.e4 c5 2.Nf3 e6 3.d4 cxd4 4.Nxd4 Nc6 5.Nc3 Qc7 6.f4 a6 7.Be3 b5 8.Bd3 Bb7
9.Qe2 Nxd4 10.Bxd4 Qxf4 11.Rf1 Qxh2 12.O-O-O Ne7 13.Qf2 f6 14.Rh1 Qc7 15.Kb1 Qc6
16.Rh3 b4 17.Ne2 e5 18.Be3 a5 19.g4 Qe6 20.Rh4 h6 21.Ng3 a4 22.Rhh1 d5 23.Bc5 d4
24.Bxb4 Nc6 25.Bxf8 Rxf8 26.Nf5 Qd7 27.Bb5 g6 28.Nxd4 exd4 29.Rxd4 Qc7 30.Rhd1 Rf7
31.Rd6 Kf8 32.Qc5 Kg7 33.Bxc6 Rc8 34.g5 hxg5 35.e5 Bxc6 36.exf6+ Kg8 37.Qd4 Bf3
38.Rc1 a3 39.Qd3 axb2 40.Qxg6+ Rg7 41.fxg7 bxc1=Q+ 42.Kxc1 Bg4 43.Qd3 Qe7
44.Qd5+ Kh7 45.Qh1+ Kxg7 46.Qh6+ Kf7 47.Qg6+ Kf8 48.Rf6+ Qxf6 49.Qxf6+ Ke8
50.Qxg5 Bd7 51.Qe5+ Kd8 52.Kb2 Rc6 53.Qb8+ Rc8 54.Qa7 Bc6 55.c4 Rc7 56.Qb8+ Kd7
57.Qf8 Rb7+ 58.Kc3 Kc7 59.Kd4 Ra7 60.Qe7+ Kb6 61.Qb4+ Kc7 62.Kc5 Ra6 63.Qd2 Bd7
64.Qf4+ Kb7 65.Qf3+ Kc7 66.Qg3+ Kb7 67.a3 Kc8 68.Kd5 Be6+ 69.Kc5 Bd7 70.Kd4 Kb7  0-1

[Event "2nd JAHV McGregor Open"]
[Site "Bogota COL"]
[Date "2011.12.09"]
[Round "7"]
[White "Tiviakov,S"]
[Black "Zapata,Alo"]
[Result "1-0"]
[WhiteElo "2650"]
[BlackElo "2483"]

1.e4 c5 2.Nf3 e6 3.d4 cxd4 4.Nxd4 Nc6 5.Nc3 Qc7 6.g3 a6 7.Bg2 d6 8.Nxc6 bxc6
9.b3 Be7 10.O-O Nf6 11.Ba3 e5 12.Na4 O-O 13.c4 Bb7 14.Rc1 Rfe8 15.Qd2 Bf8
16.Rfe1 g6 17.Bb2 c5 18.Nc3 Nh5 19.Nd5 Qd8 20.b4 cxb4 21.Qxb4 Rb8 22.Qa3 Nf6
23.Bc3 Bxd5 24.cxd5 Qb6 25.Bf1 Bh6 26.Rc2 Rec8 27.Rb2 Qc7 28.Rxb8 Rxb8 29.Bb4 Ne8
30.Qa4 Qb6 31.a3 Nc7 32.Qd7 Ne8 33.Qc6 Qxc6 34.dxc6 Rb6 35.Bh3 f5 36.exf5 Rxc6
37.fxg6 Nf6 38.gxh7+ Kxh7 39.Bg2 Rb6 40.Rd1 Bf8 41.Rc1 Kg6 42.Rc6  1-0

[Event "Ascona Open"]
[Site "Ascona SUI"]
[Date "2011.12.10"]
[Round "2.4"]
[White "Paleologu,V"]
[Black "Joksic,S"]
[Result "0-1"]
[WhiteElo "2174"]
[BlackElo "2255"]

1.e4 c5 2.Nc3 e6 3.Nf3 Nc6 4.d4 cxd4 5.Nxd4 Qc7 6.g3 h5 7.Bg2 h4 8.Bf4 e5
9.Ndb5 Qb8 10.Be3 a6 11.Na3 b5 12.Nd5 h3 13.Bf3 Qb7 14.c3 Nce7 15.Nb6 Rb8
16.Nc2 Nf6 17.Qd3 Nf5 18.Nxc8 Nxe3 19.Nd6+ Bxd6 20.Nxe3 Bf8 21.Rd1 b4 22.O-O Bc5
23.Nc4 Qc7 24.Nd6+ Bxd6 25.Qxd6 Qxd6 26.Rxd6 bxc3 27.bxc3 Ra8 28.Rb1 Ke7
29.Rbb6 Rhc8 30.Rd3 Rc4 31.Re3 Ra4 32.Rb2 Rc8 33.Kf1 Ra3 34.Rc2 Rb8 35.Re1 Rc8
36.Re3 Rc4 37.Ke1 g5 38.Kf1 Raa4 39.g4 Nxe4 40.Bd1 Ra3 41.f3 Nxc3 42.Rxe5+ Kf6
43.Rf5+ Kg6 44.Be2 Rd4 45.Bxa6 Nd1 46.Rc4 Ne3+ 47.Ke2 Nxc4 48.Rc5 Rxa6  0-1

[Event "Schachbundesliga 2011-12"]
[Site "Hamburg GER"]
[Date "2011.12.10"]
[Round "6"]
[White "Sebastian,D"]
[Black "Andersen,Mad"]
[Result "1-0"]
[WhiteElo "2446"]
[BlackElo "2398"]

1.e4 c5 2.Nf3 e6 3.d4 cxd4 4.Nxd4 Nc6 5.Nc3 Qc7 6.g3 a6 7.Bg2 d6 8.O-O Bd7
9.Re1 Be7 10.a4 Nf6 11.h3 O-O 12.g4 h6 13.Nde2 Rfe8 14.Ng3 Rab8 15.Be3 Nh7
16.Nce2 Bh4 17.b3 b5 18.axb5 axb5 19.Qd2 Bc8 20.Red1 Rd8 21.Nh5 Bb7 22.Bxh6 gxh6
23.Qxh6 f6 24.Nhf4 Bg5 25.Qg6+ Kh8 26.Nxe6 Qe7 27.Nxd8 Ne5 28.Qh5 Qxd8 29.h4 Bc8
30.Ra7 Qg8 31.hxg5 Bxg4 32.Rxh7+ Qxh7 33.Qxh7+ Kxh7 34.Kf1 Rc8 35.Rd2 fxg5
36.Nd4 Bd7 37.Nf3 Nf7 38.Kg1 Kg7 39.Nd4 Kf6 40.Bf1 b4 41.Kg2 Ne5 42.Nf3 Rc3
43.Ne1 Ke7 44.Nd3 Nxd3 45.Bxd3 Bc6 46.Kf1 Kf6 47.Re2 Ke5 48.Ke1 Kf4 49.Kd2 g4
50.Re1 Kf3 51.Rg1 Bd7 52.Ke1 Be6 53.Rg3+ Kf4 54.Ke2 Bd7 55.Kd2 Bc6 56.Rg1 Bb7
57.Ra1 Rc6 58.Ra5 Bc8 59.Ke2 Rb6 60.Ra8 Be6 61.Rf8+ Ke5 62.Ke3 Rb7 63.Rh8 d5
64.exd5 Bf7 65.Rh4 Kd6 66.Kd4  1-0

[Event "80th Anniversary Mollet IM"]
[Site "Mollet del Valles ESP"]
[Date "2011.12.10"]
[Round "7"]
[White "Colon Garcia,E"]
[Black "Morros Faura,R"]
[Result "1-0"]
[WhiteElo "2301"]
[BlackElo "2183"]

1.e4 c5 2.Nf3 e6 3.d4 cxd4 4.Nxd4 Nc6 5.Nc3 Qc7 6.Be2 a6 7.O-O Nf6 8.Be3 b5
9.Nxc6 dxc6 10.f4 Be7 11.e5 Nd5 12.Nxd5 cxd5 13.Bd3 Bc5 14.Bxc5 Qxc5+ 15.Kh1 Ra7
16.Qh5 Re7 17.a4 b4 18.Rac1 d4 19.Rf3 Bb7 20.Rg3 g6 21.Qe2 Bc6 22.Bxa6 Bxa4
23.Qc4 Qxc4 24.Bxc4 O-O 25.Rd3 Rd7 26.Kg1 Rc8 27.b3 Bc6 28.Ra1 Kg7 29.Kf2 Rcc7
30.Rd2 h6 31.Ra6 Be4 32.Rd6 Kf8 33.R2xd4 Bd5 34.Rxd7 Rxd7 35.Bxd5 exd5 36.Rxb4 Rc7
37.c4 dxc4 38.Rxc4 Ra7 39.Rc2 Rb7 40.Rb2 Rb4 41.Ke3 Ke7 42.g3 Ke6 43.Kd3 Kd5
44.Kc3 Kc5 45.Re2 Rb6 46.Re4 Re6 47.b4+ Kb5 48.Rc4 g5 49.Rc5+ Kb6 50.f5 Re8
51.Kc4 h5 52.b5 h4 53.Rc6+ Kb7 54.e6 fxe6 55.fxe6 hxg3 56.hxg3 g4 57.Kd5 Rd8+
58.Ke5 Rd1 59.Rc4 Re1+ 60.Re4  1-0

[Event "TCh-CZE Liga1 Vychod"]
[Site "Czech Rep CZE"]
[Date "2011.12.11"]
[Round "5"]
[White "Butkiewicz,L"]
[Black "Cvek,R"]
[Result "0-1"]
[WhiteElo "2430"]
[BlackElo "2518"]

1.e4 c5 2.Nf3 e6 3.d4 cxd4 4.Nxd4 Nc6 5.Nc3 a6 6.Be3 Nf6 7.Nxc6 bxc6 8.e5 Nd5
9.Nxd5 cxd5 10.Bd3 d6 11.exd6 Bxd6 12.O-O O-O 13.f4 Be7 14.Bd4 Bf6 15.Bxf6 Qxf6
16.c3 a5 17.Qe2 Bd7 18.Rae1 g6 19.Qe5 Qxe5 20.fxe5 Rab8 21.Rf2 Bb5 22.Bxb5 Rxb5
23.Ref1 Rb7 24.h3 Rc8 25.Rf4 h5 26.R1f2 Rc5 27.Re2 Rcb5 28.b3 Rc7 29.Re3 Rbc5
30.Rff3 a4 31.b4 Rc4 32.a3 g5 33.Rd3 Kh7 34.Kf2 g4 35.hxg4 hxg4 36.Rfe3 Kg6
37.Ke2 Kf5 38.Kd2 Rf4 39.Re2 Re4 40.Rxe4 dxe4 41.Rd8 Kxe5 42.Rh8 Kf4 43.Rh1 e3+
44.Kc2 Kg3 45.b5 e2  0-1